01146nam a2200289 a 4500001001000000003000900010005001700019007000300036008004100039020001800080040002500098082000700123100002900130245005800159250001100217260004500228300002700273500006300300504002700363590002600390942001400416952010000430952009400530952010000624952011500724999001700839000046873DO-SdBNP20220428092043.0ta180404s2016 dr a 000 0 spa d a9789945085938 aDO-SdBNPbspacBNPHU 42221 aDurán, Madeline97482210aManual de nutrición práctica /cMadeline Durán. a2a ed. aSanto Domingo :bAmigo del hogar,c2016. a86 p. :bil. ;c22 cm. aIncluye datos biográficos del autor en la contracubierta aBibliografía : p. 86 aInventariado, 2018/BT 2ddccLBS1 00102ddc56708DSaBNPHUbBNPHUcHDd2018-04-04p46873-30r2020-06-25te. 3w2020-06-25yLBS1 00102ddc53708PDaBNPHUbBNPHUcHDd2018-04-04p46873-10r2020-06-25w2020-06-25yLBS1 00102ddc53708PDaBNPHUbBNPHUcHDd2018-04-04p46873-20r2020-06-25te. 2w2020-06-25yLBS1 00102ddc56708DSaBNPHUbBNPHUcCTd2022-04-28eDonaciónl0p2022-1630r2022-04-28te.4w2022-04-28yLBS1 c46362d46362